| 000 | 00383cam a2200157ua 4500 | ||
|---|---|---|---|
| 041 |
_aeng _h |
||
| 082 |
_a301 _bBAR/SO |
||
| 100 | _aBarner, harry elmer . | ||
| 245 |
_aSociety in transition / _cHarry elmer Barner. _hTextual Documents |
||
| 250 |
_a2 / _b. |
||
| 260 |
_a : _bPrentice Hall Inc , _c1952. |
||
| 300 | _a878 ; . | ||
| 504 | _a | ||
| 942 | _cBK | ||
| 999 |
_c3288 _d3288 |
||